000 00361nam a2200133Ia 4500
005 20251222144908.0
008 251222s9999||||xx |||||||||||||| ||spa||
020 _a2865050449
082 _a739.22/A79
245 0 _aTrois Siècles d'Orfèvrerie Hispano-Américaine
250 _a1ra.ed.
264 _bL'Association française d'action artistique
942 _cLIB
999 _c22217
_d22217